Normal view
MARC view
- Zain Kabir, Usman Mahmood Khan
Entry Personal Name
001 - CONTROL NUMBER
- control field: 4197
003 - CONTROL NUMBER IDENTIFIER
- control field: NUST
005 - DATE AND TIME OF LATEST TRANSACTION
- control field: 20170824155116.0
008 - FIXED-LENGTH DATA ELEMENTS
- fixed length control field: 170824|| aca||aabn | a|a d
040 ## - CATALOGING SOURCE
- Original cataloging agency: NUST
- Transcribing agency: NUST
100 ## - HEADING--PERSONAL NAME
- Personal name: Zain Kabir, Usman Mahmood Khan
670 ## - SOURCE DATA FOUND
- Source citation: Work cat.: (NUST): Zain Kabir, Usman Mahmood Khan, Vital radio: RF-based through the wall motion sensing and scene analysis, 2017
